00679nam a2200121Ia 4500008004100000020001800041100001800059245011700077260003900194650001400233650026000247856005000507171212s9999 xx 000 0 und d a9781922064424 aAnderson, Kym cAnderson, KymaAustralia's Economy in its International ContextbThe Joseph Fisher Lectures, Volume 2: 1956-2012 bUniversity of Adelaide Pressc2012 aEconomics aInternational economic relations -- Australia Economic conditions 20th century -- Australia Economic conditions 21st century -- Australia Economic policy 20th century -- Australia Economic policy 21st century -- Australia Foreign Economic relations -- Aus uhttp://jstor.org/stable/10.20851/j.ctt1t304mv